10 Beliebteste Studiengänge 2024 - Statistiken

Allgemein
  • Dieses Quiz wurde 358 mal gespielt
  • Das Durchschnittsergebnis liegt bei 5 aus 10
Antwortstatistiken
Platzierung Studiengang % Korrekt
1. Betriebswirtschaftslehre
93%
5. Medizin
85%
3. Rechtswissenschaften
84%
2. Informatik
55%
4. Psychologie
52%
7. Maschinenbau
46%
10. Germanistik
30%
8. Soziale Arbeit
26%
6. Wirtschaftswissenschaften
18%
9. Wirtschaftsinformatik
13%
Keine übereinstimmenden Quizze gefunden
Verteilung der Resultate
Anzahl Personen mit jedem Resultat
Perzentil nach korrekt beantworteten Fragen
Ihre Resultats-Entwicklung
Sie haben dieses Quiz noch nicht gespielt